Statistiques concernant Les routes mythiques

Cliquez ici pour prendre le quiz!

Statistiques générales

  • Ce quiz a été pris 152 fois
  • Le résultat moyen est 4 sur 11

Statistiques - réponses

DépartRouteArrivée% Correct
Chicago →Route 66→ Santa Barbara
93%
Xi'an →Route de la soie→ Europe
81%
Paris →Autoroute du Soleil→ Marseille
62%
Vézelay / Paris / Arles →Chemins de Compostelle→ Saint-Jacques-de-Compostelle
43%
Paris (Porte d'Italie) →Route nationale 7→ Menton
35%
Lac Victoria →Nil→ Mer Méditerranée
28%
Rome →Via Appia→ Brindisi
15%
St. John's (Terre-Neuve) →Route Transcanadienne→ Victoria (Colombie Britannique)
14%
Patagonie →Ruta 40→ La Quiaca (Jujuy, Argentine)
4%
Inde / Yémen →Route de l'encens→ Égypte
1%
Hanoï →Route mandarine→ Delta du Mékong
1%

Distribution des résultats

Percentile par nombre de réponses

% des personnes avec chaque résultat

Votre développement - résultats

Vous n’avez pas pris ce quiz